Uplatnenie priamych daní v podmienkach Slovenskej republiky so zameraním na miestne dane bakalárska práca

Saved in:
Bibliographic Details
Main Author: Danišová, Veronika
Corporate Author: Fakulta podnikového manažmentu EU. Katedra podnikových financií
Other Authors: Lénártová, Gizela
Format: Book
Language:Slovak
Published: Bratislava 2011
Tags: Add Tag
No Tags, Be the first to tag this record!

MARC

LEADER 00000nbm a2200000 4500
001 0131220
005 20161109111416.2
041 0 |a slo 
044 |a SK 
245 1 0 |a Uplatnenie priamych daní v podmienkach Slovenskej republiky so zameraním na miestne dane  |b bakalárska práca  |c Veronika Danišová ; školiteľ: Gizela Lénártová 
264 1 |a Bratislava  |c 2011 
300 |a 58 s. 
100 1 |a Danišová, Veronika 
700 1 |a Lénártová, Gizela 
710 2 |a Fakulta podnikového manažmentu EU. Katedra podnikových financií